[Event "Saint Louis Invitational-A 2018"]
[Site "Saint Louis"]
[Date "2018.11.20"]
[Round "8"]
[White "Niemann, Hans"]
[Black "Boros, Denes"]
[Result "1/2-1/2"]
[WhiteElo "2439"]
[BlackElo "2442"]
[Annotator "TA"]
[PlyCount "71"]
[EventDate "2018.11.16"]
[EventType "tourn"]
[EventCountry "USA"]
[SourceTitle "playchess.com"]
[Source "ChessBase"]
[SourceQuality "1"]

{[%evp 22,71,31,31,50,13,55,16,14,22,46,25,61,24,69,70,52,62,58,0,0,-4,0,0,1,-15,0,-16,-16,-16,-17,-62,-17,-13,-17,-24,0,0,0,-7,-7,-6,0,-15,0,0,0,0,0,0,0,0]} 1. d4 e6 2. c4 Bb4+ 3. Bd2 c5 4. Bxb4 cxb4 5. Nf3 Nf6 6. g3 O-O 7. Bg2 d6 8. O-O a5 9. a3 Na6 10. axb4 {E11: Bogo-Indian} (10. Nbd2 Qc7 11. Rc1 Rd8 12. e3 b6 13. Ne1 Bb7 14. Bxb7 Qxb7 15. Nd3 bxa3 16. bxa3 h5 17. Qf3 Qxf3 18. Nxf3 {½-½ (28) Xiong,J (2634)-Adhiban,B (2655) chess.com INT 2018}) 10... Nxb4 11. Nc3 Qc7 12. b3 {LiveBook: 10 Games. White is slightly better.} b6 $146 ({Predecessor:} 12... Bd7 13. Rc1 Rac8 14. e4 Rfd8 15. h3 e5 16. Qe2 Re8 17. Qe3 Qb6 {1-0 (41) Hamitevici,V (2430)-Rombaldoni,A (2539) Reykjavik 2015}) 13. Ne1 (13. e4 {seems wilder.} e5 14. Nb5 Qe7 15. Re1 Bg4 16. h3) 13... Rb8 14. Nc2 Nxc2 15. Qxc2 Rd8 16. Qd2 Qe7 17. Qg5 Nd5 18. Qxe7 Nxe7 19. d5 exd5 20. cxd5 ({Better is} 20. Bxd5 $14 Nxd5 21. Nxd5) 20... Bd7 $11 21. Rfc1 Kf8 22. e4 Rdc8 23. Bf1 g5 24. f4 gxf4 25. gxf4 Rc5 26. Na4 Bxa4 27. Rxc5 bxc5 28. Rxa4 $15 {[%mdl 4096] Endgame KRB-KRN} Ng6 29. Rxa5 {The position is equal.} Nxf4 30. Bc4 Ng6 31. Kf2 Ne5 32. Ke3 Rb4 33. Kf4 Nxc4 34. bxc4 Rxc4 35. Ra8+ Ke7 36. Ra7+ {Accuracy: White = 44%, Black = 45%.} 1/2-1/2

[Event "Saint Louis Invitational-A 2018"]
[Site "Saint Louis"]
[Date "2018.11.20"]
[Round "8"]
[White "Balakrishnan, Praveen"]
[Black "Shtembuliak, Evgeny"]
[Result "1/2-1/2"]
[WhiteElo "2409"]
[BlackElo "2487"]
[Annotator "TA"]
[PlyCount "33"]
[EventDate "2018.11.16"]
[EventType "tourn"]
[EventCountry "USA"]
[SourceTitle "playchess.com"]
[Source "ChessBase"]
[SourceQuality "1"]

{[%evp 22,23,14,0]} 1. e4 e6 2. d4 d5 3. Nd2 c5 4. exd5 exd5 5. Ngf3 Nc6 6. Bb5 Qe7+ 7. Be2 Nf6 {C09: French Tarrasch: 3...c5 4 exd5 exd5 5 Ngf3 Nc6} 8. O-O Qc7 9. Re1 cxd4 10. Bb5+ Be7 11. Qe2 a6 12. Bxc6+ {LiveBook: 6 Games} {Predecessor:} bxc6 $146 13. Nxd4 Ra7 14. Qe5 c5 15. Nf5 Qxe5 16. Rxe5 Bxf5 17. Rxf5 {½-½ (41) Mamedov,R (2678)-Harikrishna,P (2733) Antalya 2017} 1/2-1/2

[Event "Saint Louis Invitational-A 2018"]
[Site "Saint Louis"]
[Date "2018.11.20"]
[Round "8"]
[White "Bivol, Alina"]
[Black "Patel, Advait"]
[Result "1/2-1/2"]
[WhiteElo "2403"]
[BlackElo "2467"]
[Annotator "TA"]
[PlyCount "128"]
[EventDate "2018.11.16"]
[EventType "tourn"]
[EventCountry "USA"]
[SourceTitle "playchess.com"]
[Source "ChessBase"]
[SourceQuality "1"]

{[%evp 13,128,8,5,0,18,0,0,-22,-6,-11,-22,-20,0,-24,0,-28,-24,-30,0,15,24,-13,-3,-44,-41,-41,-22,-12,-18,-35,-2,-3,-6,-10,-13,-29,-22,-36,-27,-33,-17,-17,-11,-11,-12,-34,-23,-53,-21,-60,-80,-75,-60,-60,-60,-62,-61,-64,-60,-109,-109,-109,-55,-90,-63,-93,-54,-94,-56,-105,-105,-105,-105,-105,-105,-105,-105,-144,-112,-112,-112,-112,-112,-112,-112,-112,-112,-112,-82,-112,-112,-112,-112,-113,-113,-120,-77,-78,-81,-98,-85,-87,-73,-72,0,-91,-84,-94,-56,-56,-56,-56,-56,-56,-56,-56,-70]} 1. e4 e5 2. Nf3 Nc6 3. Bb5 {[%cal Bf1b5,Bb5a4,Ba4b3][%mdl 32]} a6 4. Ba4 Nf6 5. O-O d6 6. d3 b5 {C79: Ruy Lopez: Steinitz-type lines with 3...a6 4 Ba4 Nf6 5 0-0 d6} 7. Bb3 Na5 {LiveBook: 43 Games} 8. Nbd2 {[%cal Bb1d2,Bd2f1,Bf1e3,Be3d5][%mdl 32]} (8. Re1 Nxb3 9. axb3 c5 10. Bg5 Be7 11. Nc3 Bb7 12. Bxf6 Bxf6 13. Nd5 Bxd5 14. exd5 {½-½ (65) Vachier Lagrave,M (2789)-Carlsen,M (2855) Paris 2016}) 8... g6 {The position is equal.} 9. Re1 Bg7 10. Nf1 O-O 11. Bd2 Nxb3 12. axb3 h6 $146 ({Predecessor:} 12... Nh5 13. b4 f5 {1-0 (21) Fischer,A-Volz,H Germany 1983}) 13. h3 Re8 14. Ne3 Bb7 15. c4 Nh5 16. Nd5 Nf6 17. Ba5 Rc8 18. Qd2 Nxd5 19. cxd5 f5 20. Rec1 Qd7 21. Rc2 c6 22. Rac1 Ba8 ({Wrong is} 22... cxd5 $2 23. Rc7 $18) 23. dxc6 Rxc6 24. Nh4 Rxc2 25. Qxc2 Qe7 $36 {[%mdl 2048] Black fights for an advantage.} (25... Bf6 $5 26. Nf3 $8 (26. Nxg6 $2 fxe4 27. dxe4 Qf7 $19) 26... Qe6 $15) 26. Nf3 Bb7 {[%cal Ba8b7,Bb7c8,Bc8e6][%mdl 32]} 27. Qe2 {[#] Threatens to win with Rc7.} Rc8 28. Rxc8+ Bxc8 29. Qe3 Qb7 30. Nd2 Be6 31. Qb6 Qxb6 32. Bxb6 $15 {[%mdl 4096] Endgame KBB-KBN} Kf7 33. Kf1 Ke7 34. Ke2 Kd7 35. b4 Kc6 36. Ba5 Bf6 37. f3 d5 (37... h5 $17 38. Kf2 Bh4+ 39. Kf1 Bf6) 38. Kd1 Be7 39. Kc2 h5 40. Kd1 Bh4 41. exd5+ Bxd5 42. Ke2 Bg5 43. Kd1 Bf6 44. Ke2 Be6 45. Nb1 Bf7 46. Nd2 h4 47. Kd1 Bg8 48. Ke1 Be6 49. Ke2 Bd5 50. Ke1 Bg5 51. Ke2 Be7 52. Ke1 Kd7 53. Ke2 Ke6 54. Ke1 g5 55. Kf2 Kf7 56. Kf1 Kg6 57. Kf2 Kh5 58. Nf1 Kg6 59. Nd2 $1 Bd6 60. Kf1 g4 61. fxg4 {Black is slightly better.} fxg4 62. hxg4 Kg5 63. Kf2 $1 Kxg4 64. Nf1 {[#] Hoping for Ne3+.} Bc6 {Accuracy: White = 53%, Black = 52%.} 1/2-1/2

[Event "Saint Louis Invitational-A 2018"]
[Site "Saint Louis"]
[Date "2018.11.20"]
[Round "8"]
[White "Kiewra, Keaton"]
[Black "Kevlishvili, Robby"]
[Result "1-0"]
[WhiteElo "2364"]
[BlackElo "2451"]
[Annotator "TA"]
[PlyCount "69"]
[EventDate "2018.11.16"]
[EventType "tourn"]
[EventCountry "USA"]
[SourceTitle "playchess.com"]
[Source "ChessBase"]
[SourceQuality "1"]

{[%evp 12,69,27,25,33,42,60,43,60,37,43,33,51,59,88,52,96,102,85,83,104,92,94,99,97,93,98,52,65,58,58,61,77,58,58,58,58,58,59,-92,58,67,66,59,227,227,227,208,243,243,382,385,616,609,733,691,572,366,519,491]} 1. Nf3 d5 2. c4 c6 3. e3 Nf6 4. Nc3 a6 5. d4 Bf5 6. Ne5 {D15: Slav Defence: 4 Nc3 a6 and gambit lines after 4 Nc3 dxc4} (6. Bd3 Bxd3 7. Qxd3 e6 8. O-O Bb4 9. Bd2 O-O 10. Nxd5 Nxd5 11. cxd5 Bxd2 12. Qxd2 exd5 13. Ne5 Re8 {½-½ (46) Vallejo Pons,F (2707)-So,W (2780) Leon 2018}) 6... Nbd7 7. Qb3 {LiveBook: 73 Games} Rb8 8. Nxd7 {White is slightly better.} Bxd7 $146 ({Predecessor:} 8... Qxd7 9. cxd5 Nxd5 10. Bxa6 Nxc3 11. bxc3 b5 12. c4 Rb6 13. d5 Rxa6 14. dxc6 Rxc6 15. cxb5 Rb6 16. a4 e5 17. a5 {0-1 (17) De Marchi,O (2283)-Simon,R (2113) Berlin 2015}) 9. cxd5 Nxd5 10. e4 Nxc3 11. bxc3 {Black must now prevent Bf4.} b5 12. Bf4 Rc8 13. Be2 e6 14. a4 Be7 15. O-O O-O 16. axb5 axb5 17. Ra7 Be8 18. Rd1 Bd6 19. Bg3 Bxg3 20. hxg3 c5 21. dxc5 ({Don't blunder} 21. Bxb5 $2 Qb6 $19) 21... Qg5 22. Qb4 Qxc5 23. Qxc5 Rxc5 24. Rd8 $1 Bc6 25. Rxf8+ $1 Kxf8 $14 {[%mdl 4096] Endgame KRB-KRB} 26. Rc7 g6 27. f4 {Strongly threatening e5.} Rxc3 $2 {[#]} (27... b4 $14 28. cxb4 Rc2) 28. Bxb5 $1 $18 {[%mdl 576] Pin} Rxg3 (28... Bxb5 29. Rxc3) 29. Bxc6 $14 {KRB-KR} Rg4 30. f5 exf5 (30... gxf5 $142 31. exf5 exf5) 31. Bd5 $18 Ke8 (31... h6 $142 32. exf5 gxf5 33. Rxf7+ {[%mdl 64] Double Attack} Kg8) 32. e5 {[%cal Be4e5,Be5e6][%mdl 32]} Rd4 33. Bxf7+ Kd8 34. Ra7 Re4 (34... Rd7 $142) 35. e6 {Accuracy: White = 93%, Black = 50%.} 1-0

[Event "Saint Louis Invitational-A 2018"]
[Site "Saint Louis"]
[Date "2018.11.21"]
[Round "9"]
[White "Shtembuliak, Evgeny"]
[Black "Bivol, Alina"]
[Result "1/2-1/2"]
[WhiteElo "2487"]
[BlackElo "2403"]
[Annotator "TA"]
[PlyCount "41"]
[EventDate "2018.11.16"]
[EventType "tourn"]
[EventCountry "USA"]
[SourceTitle "playchess.com"]
[Source "ChessBase"]
[SourceQuality "1"]

{[%evp 27,41,4,3,0,0,0,0,0,182,172,320,0,0,0,288,0]} 1. Nf3 Nf6 2. g3 g6 3. b3 Bg7 4. Bb2 b6 5. Bg2 Bb7 6. O-O c5 7. c4 O-O 8. Nc3 Nc6 9. d4 Nxd4 10. Nxd4 Bxg2 11. Kxg2 cxd4 12. Qxd4 d5 {A30: Symmetrical English: Double Fianchetto and Hedgehog} 13. cxd5 e6 14. Rad1 Nxd5 {LiveBook: 3 Games. The position is equal.} 15. Qxg7+ Kxg7 16. Nxd5+ Kh6 17. Nf6 Qc8 $2 {[#]} (17... Qc7 $11) 18. Ng4+ $146 {[%mdl 1024] White has strong compensation.} ({Predecessor:} 18. Rd4 Kg7 19. Rh4 h6 20. Ne8+ Kh7 21. Nf6+ {½-½ (21) Perelshteyn,E (2442)-Kudrin,S (2542) Kapuskasing 2003}) 18... Kh5 (18... Kg5 {was worth a try.} 19. Rd4 Rd8 20. h4+ Kh5 21. Nf6+ {[%mdl 64] Double Attack} Kh6 22. Ng4+ Kh5 23. Nf6+ {[%mdl 64] Double Attack} Kh6 24. Ng4+ Kh5) 19. Nf6+ Kh6 {And now ...g5 would win.} 20. Ng4+ Kh5 $1 {[%cal Rh5g4] [#]} 21. Nf6+ $2 (21. Bf6 $1 $18) 1/2-1/2

[Event "Saint Louis Invitational-A 2018"]
[Site "Saint Louis"]
[Date "2018.11.21"]
[Round "9"]
[White "Patel, Advait"]
[Black "Niemann, Hans"]
[Result "1-0"]
[WhiteElo "2467"]
[BlackElo "2439"]
[Annotator "TA"]
[PlyCount "63"]
[EventDate "2018.11.16"]
[EventType "tourn"]
[EventCountry "USA"]
[SourceTitle "playchess.com"]
[Source "ChessBase"]
[SourceQuality "1"]

{[%evp 20,63,28,22,46,14,18,3,10,7,43,53,94,91,203,191,212,202,188,172,177,187,521,520,572,564,607,603,594,555,583,513,488,495,753,708,814,568,570,564,566,551,547,418,399,377]} 1. Nf3 d5 2. g3 Nf6 3. Bg2 c6 4. O-O Bg4 5. c4 Nbd7 6. cxd5 cxd5 7. Nc3 e6 8. h3 {A11: English Opening: 1...c6} (8. d3 Bc5 9. h3 Bh5 10. e4 dxe4 11. dxe4 O-O 12. Qe2 Bxf3 13. Bxf3 Ne5 14. Rd1 Qb6 15. Bg2 Bd4 16. Bd2 {0-1 (40) Wagner,D (2564)-Nakamura,H (2781) Douglas 2017}) 8... Bh5 9. d3 Be7 10. e4 O-O 11. g4 {LiveBook: 5 Games} Bg6 {[%cal Rd5e4]} 12. Nh4 {[%cal Re4d5]} (12. g5 $5 {[%cal Rg5f6]} Ne8 13. exd5 $14) 12... dxe4 13. Nxg6 hxg6 14. dxe4 {[%cal Bd3e4,Be4e5][%mdl 32]} Ne8 $146 ({Predecessor:} 14... e5 15. f4 Re8 16. f5 gxf5 17. exf5 {1-0 (28) Vogel,R (2475)-Hansen,M (2414) Lueneburg 2017}) 15. Qe2 Bf6 16. Rd1 $36 {[%mdl 2048] Strongly threatening Qb5. Keeping Black busy.} Qe7 {[#]} (16... Bxc3 $16 17. bxc3 Qe7) 17. e5 $1 $18 {[%cal Re5f6]} Bh4 18. Bxb7 Rd8 19. Bc6 f5 {intending ...fxg4.} 20. exf6 gxf6 $2 {[#]} (20... Nexf6 21. Bf4 Nb6 22. Rxd8 Rxd8) 21. Nd5 $1 {[%mdl 512]} Qh7 (21... exd5 22. Qxe7) 22. Nf4 Rf7 23. Qxe6 Nc7 24. Qd6 Ne8 25. Qd3 f5 {Now ...Ne5 and Black clings on.} 26. Bd5 Ne5 (26... Nf8 $142 27. Be3 Rxd5 28. Nxd5 Bd8) 27. Qe2 fxg4 28. Bxf7+ Qxf7 29. Rxd8 Nf3+ 30. Kg2 Bxd8 31. Qe6 Nh4+ 32. Kh1 {Accuracy: White = 63%, Black = 25%.} 1-0

[Event "Saint Louis Invitational-A 2018"]
[Site "Saint Louis"]
[Date "2018.11.21"]
[Round "9"]
[White "Kevlishvili, Robby"]
[Black "Balakrishnan, Praveen"]
[Result "1/2-1/2"]
[WhiteElo "2451"]
[BlackElo "2409"]
[Annotator "TA"]
[PlyCount "59"]
[EventDate "2018.11.16"]
[EventType "tourn"]
[EventCountry "USA"]
[SourceTitle "playchess.com"]
[Source "ChessBase"]
[SourceQuality "1"]

{[%evp 21,59,54,58,51,50,29,27,12,44,36,41,18,29,0,0,0,0,0,0,0,0,0,0,0,0,0,0,0,0,0,0,0,0,0,0,0,0,0,0,0]} 1. e4 c6 2. d4 d5 3. exd5 cxd5 4. Bd3 Nc6 5. c3 Qc7 6. Ne2 Bg4 7. O-O {B13: Caro-Kann: Exchange Variation and Panov-Botvinnik Attack} e6 8. Qe1 Bd6 (8... Bxe2 9. Qxe2 Nf6 10. Nd2 Bd6 11. g3 O-O 12. f4 a6 13. Nf3 b5 14. a3 Ne7 {½-½ (52) Le,Q (2715)-Nisipeanu,L (2661) Batumi 2018}) 9. f3 Bh5 10. Qh4 Bg6 11. Bxg6 fxg6 {LiveBook: 13 Games} 12. Nf4 Kf7 13. Nd3 Nf6 {[#]} 14. Be3 $146 ({Predecessor:} 14. f4 Rhf8 {½-½ (51) Svetushkin,D (2546)-Stanciu,A (2325) Corund 2017}) 14... Rhf8 15. Nd2 Kg8 16. Rae1 Rae8 17. Bf4 (17. f4 {keeps more tension.} Na5 18. Qh3 Nc4 19. Nf3 Nxe3 20. Rxe3 Bxf4 21. Rxe6 g5 22. Nxf4 Qxf4 23. Rxe8 Rxe8 24. Ne5) 17... Bxf4 {The position is equal.} 18. Qxf4 Qxf4 19. Nxf4 e5 20. dxe5 Nxe5 21. Re3 g5 22. Nd3 Nxd3 23. Rxd3 Re2 24. Rf2 Re1+ 25. Rf1 Rfe8 26. Nb3 R1e2 27. Rf2 Re1+ 28. Rf1 R1e2 29. Rf2 Re1+ 30. Rf1 {Accuracy: White = 57%, Black = 85%.} 1/2-1/2

[Event "Saint Louis Invitational-A 2018"]
[Site "Saint Louis"]
[Date "2018.11.21"]
[Round "9"]
[White "Boros, Denes"]
[Black "Ali Marandi, Cemil Can"]
[Result "0-1"]
[WhiteElo "2442"]
[BlackElo "2552"]
[Annotator "TA"]
[PlyCount "72"]
[EventDate "2018.11.16"]
[EventType "tourn"]
[EventCountry "USA"]
[SourceTitle "playchess.com"]
[Source "ChessBase"]
[SourceQuality "1"]

{[%evp 16,72,48,-1,32,17,33,20,25,17,33,-66,-68,-168,-155,-197,-43,-122,-102,-27,-39,-95,0,0,0,0,0,0,0,0,0,0,0,0,5,0,0,0,1,0,6,0,0,0,0,0,0,-141,0,0,0,0,0,0,0,-29992,-29993,-29993,-29994]} 1. e4 e6 2. d3 c5 3. g3 Nc6 4. Bg2 g6 5. Ne2 Bg7 6. c4 {B20: Sicilian: Unusual White 2nd moves} d6 7. Nbc3 a6 (7... Nge7 8. O-O O-O 9. Rb1 b6 10. a3 Bb7 11. b4 Qd7 12. Bg5 h6 13. Be3 Nd4 14. f4 f5 15. Qd2 Kh7 16. Rbe1 Rae8 17. Bf2 Nec6 18. b5 Nxe2+ 19. Nxe2 Nd4 20. Nxd4 cxd4 21. exf5 gxf5 22. Bxb7 Qxb7 {0-1 (30) Dominguez Perez,L (2732)-Wojtaszek,R (2727) Huaian 2016}) 8. Be3 Nge7 9. O-O {LiveBook: 5 Games} b5 10. d4 cxd4 $146 ({Predecessor:} 10... b4) 11. Nxd4 bxc4 12. Nxc6 Nxc6 13. e5 (13. Qa4 $14 Bd7 14. Qxc4) 13... d5 $15 14. Nxd5 (14. f4 $15) 14... exd5 $19 15. Bxd5 Qc7 $2 (15... Bb7 $1 $19 16. f4 O-O) 16. Bc5 (16. Qa4 $15 Bd7 17. Qxc4) 16... Nxe5 17. Qa4+ (17. Qd4 $17) 17... Bd7 $11 18. Qa3 $1 {[#]} Bc6 ({Black should try} 18... Rc8 $1 $17 19. Bd6 Qb6) 19. Bd6 $1 {[%cal Rd6c7]} Qb7 20. Bxe5 Bxe5 21. Bxc6+ Qxc6 22. Rae1 f6 {White must now prevent ...Kf7.} 23. f4 O-O-O 24. fxe5 f5 25. Rc1 {And now Rf4 would win.} Rd2 {[%csl Gd2][%cal Rc6g2]} 26. Rf3 {aiming for Rxc4!} Kb7 27. Rf2 Rd4 $40 {[%mdl 128] White needs to defend precisely.} 28. Rf4 Rhd8 29. Rxd4 Rxd4 {[%mdl 4096] Endgame KQR-KQR} 30. Qe7+ Kb6 31. e6 {[#]} (31. Qf6 $11) 31... Rd6 ({Better is} 31... a5 $1 $17 32. b4 Rd2 33. Qc5+ Qxc5+ 34. bxc5+ Kxc5) 32. Re1 Qc5+ 33. Kf1 f4 34. gxf4 Qd5 {( -> ...Qh1+)} 35. Qf8 $2 {[%mdl 8192]} (35. Qxh7 {leads to mate.} Qf3+ 36. Kg1 Rd2 37. Qc7+ Kxc7 38. Re2 Rxe2 39. h4 Qg2#) (35. Qg5 $11 Qf3+ 36. Kg1) 35... Qh1+ {[%mdl 64] Double Attack} 36. Kf2 Rd2+ {[%mdl 64] Double Attack. Accuracy: White = 43%, Black = 59%.} 0-1

[Event "Saint Louis Invitational-A 2018"]
[Site "Saint Louis"]
[Date "2018.11.21"]
[Round "9"]
[White "Gurevich, Dmitry"]
[Black "Kiewra, Keaton"]
[Result "1/2-1/2"]
[WhiteElo "2393"]
[BlackElo "2364"]
[Annotator "TA"]
[PlyCount "109"]
[EventDate "2018.11.16"]
[EventType "tourn"]
[EventCountry "USA"]
[SourceTitle "playchess.com"]
[Source "ChessBase"]
[SourceQuality "1"]

{[%evp 15,109,24,31,10,49,21,21,21,21,17,21,18,36,6,2,0,14,10,13,0,3,0,4,5,18,0,12,-4,-7,-4,-8,-16,-2,-4,0,0,0,0,0,0,0,0,0,0,0,0,0,0,0,0,0,-18,-8,-26,-22,-19,-24,-52,0,-76,-72,-72,-50,-58,0,0,0,-83,-4,-4,0,0,0,0,0,-3,-2,-6,0,-8,-8,-71,-45,-46,-35,-65,-8,-8,-8,-8,-8,-8,-8,-8,0,-8]} 1. Nf3 g6 2. d4 Nf6 3. c4 Bg7 4. Nc3 d5 5. cxd5 Nxd5 6. Bd2 O-O 7. Rc1 Nb6 8. Bg5 h6 9. Bf4 {D90: Grünfeld: 4 Nf3 Bg7 sidelines} (9. Bh4 g5 10. Bg3 c5 11. d5 e6 12. d6 Nd5 13. h4 g4 14. Ne5 Qxd6 15. e4 f5 16. exf5 Bxe5 {1-0 (33) Morozevich,A (2747)-Shirov,A (2720) Pamplona 2006}) 9... c6 10. e3 Bg4 11. Be2 N8d7 12. O-O Bxf3 13. Bxf3 e5 14. dxe5 (14. Bg3 {feels hotter.} h5 15. h3 exd4 16. exd4 Nf6 17. Qb3) 14... Nxe5 15. Be2 Qxd1 $146 ({Predecessor:} 15... Qe7 16. Qb3 {½-½ (48) Ingbrandt,J-Wiedenkeller,M (2465) Stockholm 1985}) 16. Rfxd1 g5 17. Bg3 f5 18. h3 f4 19. exf4 gxf4 20. Bh2 f3 21. Bxf3 Nxf3+ 22. gxf3 Rxf3 23. Kg2 Raf8 (23... Rf7 {is more complex.} 24. Re1 Rd8 25. Re2 Rdd7 26. Rcc2 a6) 24. Bg3 Bxc3 25. bxc3 Nc4 26. Rd4 b5 27. Rg4+ Kh7 28. Re1 R8f7 29. Re6 R3f6 30. Rge4 a5 31. Bh4 Rg7+ 32. Bg3 Rgf7 (32... Rxe6 {is interesting.} 33. Rxe6 Rg6 34. Re7+ Kg8 35. Kf3 Nd2+) 33. f4 a4 34. Rxf6 Rxf6 $11 {[%mdl 4096] Endgame KRB-KRN} 35. Re7+ Kg6 36. Kf3 Kf5 (36... Nd2+ $1 $15 37. Ke2 Nb1) 37. Bh4 (37. Re8 $11 {remains equal.}) 37... Rd6 $17 {[#] aiming for ...Rd3+.} 38. Rf7+ Kg6 39. Rc7 Kf5 (39... Re6 $15 40. Bf2 Nd2+ 41. Kg4 h5+ 42. Kh4 Rf6) 40. Rf7+ $11 Kg6 (40... Ke6 $11 41. Rf6+ Kd7) 41. Rc7 $17 Rd3+ (41... Re6 $17 42. Bf2 Nd2+ 43. Kg4 h5+ 44. Kh4 Rf6) 42. Ke4 $132 {[%mdl 2048] White puts up resistance} Rxh3 43. Rxc6+ Kh5 44. Bf6 Kg4 45. Bg7 {[#] Hoping for Rg6+.} Re3+ 46. Kd4 Re2 47. Bxh6 Rxa2 {Threatening ...Rd2+.} 48. Ra6 (48. f5 $11 {keeps the balance.}) 48... a3 {...Rb2 is the strong threat.} 49. Bf8 Kxf4 {And now ...Rd2+ would win.} 50. Bb4 Ra1 (50... Rd2+ $15 51. Kc5 a2 52. Kxb5 Ne3) 51. Kc5 {The position is equal.} Ke4 52. Kxb5 Kd5 53. Ra8 {Threatens to win with Rd8+.} a2 54. Rd8+ Ke6 {White must now prevent ...Na3+!} 55. Kxc4 {Accuracy: White = 64%, Black = 59%.} 1/2-1/2